00611nam a2200193Ia 4500008004100000020001800041082001400059100001900073245004700092250000800139260003600147300003000183500001900213600002700232650001500259942000700274952011900281999001700400240925s9999 xx 000 0 und d a9780070700857 a658.4 LAR aGray, Clifford 0aProject Management: the managerial process a4th aNew York:bMc Graw HIllc,2011. axvi,1115p.bN.AfOriginal aIncludes Index aEngineering Technology aManagement cBK 001040708ETaUITUbUITUd2012-03-07eFair Book Centerl0o658.4 LARpQ9101r2024-09-25 07:15:12w2024-09-25yBK c11600d11600